[Event "chess.com SpeedChess Q1Sw"]
[Site "chess.com INT"]
[Date "2022.11.10"]
[Round "3"]
[White "Vokhidov, Shamsiddin"]
[Black "Rustemov, Alexander"]
[Result "1-0"]
[WhiteTitle "GM"]
[BlackTitle "GM"]
[WhiteElo "2568"]
[BlackElo "2525"]
[WhiteFideId "14204223"]
[BlackFideId "4119002"]
[EventDate "2022.11.10"]

1. b3 d5 2. Bb2 Nf6 3. g3 Bf5 4. Bg2 e6 5. d3 Be7 6. Nd2 h6 7. e4 Bh7 8. Qe2 c5
9. Nh3 Nc6 10. Nf4 Nd4 11. Qd1 O-O 12. O-O Rc8 13. Re1 dxe4 14. dxe4 Qc7 15. c3
Nc6 16. Qe2 Rfd8 17. Rad1 Ne5 18. Nc4 Nfd7 19. Nxe5 Nxe5 20. c4 Nc6 21. Nd5 Qb8
22. Nxe7+ Nxe7 23. Qg4 Bg6 24. h4 h5 25. Qg5 Nc6 26. Qxc5 Nd4 27. Qg5 e5 28.
Bxd4 exd4 29. e5 d3 30. Bd5 Kh7 31. e6 f6 32. Qe3 Re8 33. Rxd3 Bxd3 34. Qxd3+ g6
35. Qd4 Kg7 36. Re3 b6 37. Rf3 Qe5 38. Qxe5 fxe5 39. Rf7+ Kh6 40. Rxa7 b5 41.
cxb5 Rc1+ 42. Kg2 Rd1 43. Bc4 e4 44. b6 Rdd8 45. Rd7 Rb8 46. b7 g5 47. hxg5+
Kxg5 48. a4 h4 49. a5 hxg3 50. fxg3 e3 51. a6 Rxe6 52. Bxe6 e2 53. Kf2 Re8 54.
a7 Rxe6 55. Ke1 Ra6 56. b8=Q Ra1+ 57. Kxe2 1-0

[Event "chess.com SpeedChess Q1Sw"]
[Site "chess.com INT"]
[Date "2022.11.10"]
[Round "3"]
[White "Klukin, Kirill"]
[Black "Zhigalko, Sergei"]
[Result "1-0"]
[WhiteTitle "IM"]
[BlackTitle "GM"]
[WhiteElo "2390"]
[BlackElo "2572"]
[WhiteFideId "24199273"]
[BlackFideId "13502956"]
[EventDate "2022.11.10"]

1. d4 Nf6 2. c4 e6 3. Nc3 Bb4 4. e3 O-O 5. Bd2 b6 6. Nf3 Bb7 7. Bd3 d5 8. cxd5
exd5 9. O-O Bd6 10. Nb5 Be7 11. Ne5 c5 12. f4 Nc6 13. Rc1 a6 14. Nc3 cxd4 15.
Nxc6 Bxc6 16. exd4 b5 17. a3 Qb6 18. Re1 Bd6 19. Be3 Rfe8 20. Qf3 Rac8 21. Bf2
Rxe1+ 22. Rxe1 a5 23. g4 b4 24. g5 bxc3 25. gxf6 g6 26. bxc3 Bxa3 27. f5 Be8 28.
fxg6 hxg6 29. h4 Bf8 30. h5 Qc7 31. Bg3 Qd7 32. hxg6 fxg6 33. Ba6 Ra8 34. Bd3
Bf7 35. Be5 Rc8 36. Bb1 Qc6 37. Rc1 a4 38. Qg3 Qe8 39. Bf5 Rc6 40. Rf1 a3 41.
Bb1 a2 42. Bxa2 Rb6 43. Bb1 Rb2 44. Bf5 Rb3 45. Rf3 Bh6 46. Kg2 Rb2+ 47. Rf2
Rxf2+ 48. Kxf2 Kf8 49. Bc2 Kg8 50. Qf3 Qc8 51. Qg3 Qe8 52. Qh3 Bf8 53. Qg4 Qc6
54. Bxg6 1-0

[Event "chess.com SpeedChess Q1Sw"]
[Site "chess.com INT"]
[Date "2022.11.10"]
[Round "3"]
[White "Harsh, Suresh"]
[Black "Gireman, Ja"]
[Result "0-1"]
[WhiteTitle "FM"]
[BlackTitle "CM"]
[WhiteElo "2280"]
[BlackElo "2185"]
[WhiteFideId "45018464"]
[BlackFideId "5043794"]
[EventDate "2022.11.10"]

1. e4 e6 2. d3 d5 3. Nd2 Nf6 4. Ngf3 Nc6 5. e5 Nd7 6. d4 f6 7. Bb5 Be7 8. O-O
O-O 9. c4 fxe5 10. Bxc6 bxc6 11. dxe5 Rb8 12. b3 a5 13. Bb2 a4 14. Nd4 Nxe5 15.
Re1 Bf6 16. Rxe5 Bxe5 17. Nxc6 Bxh2+ 18. Kxh2 Qh4+ 19. Kg1 Qxf2+ 20. Kh1 Rb6 21.
Ne7+ Kh8 22. Qh5 Qxd2 23. Ng6+ Kg8 24. Ne7+ Kh8 25. Ng6+ Kg8 26. Nxf8 Qxb2 27.
Qxh7+ Kxf8 28. Rf1+ Ke7 29. c5 Rb5 30. Qh4+ Kd7 31. Rf7+ Kc6 32. Qd8 Qc1+ 33.
Kh2 Qh6+ 34. Kg1 Qe3+ 35. Kh1 Qc1+ 36. Kh2 Qh6+ 37. Kg1 Qe3+ 38. Kh1 Qe1+ 39.
Kh2 Qe5+ 40. Kh1 Rxc5 41. Qe8+ Kb6 42. Rf1 Bb7 43. Qxa4 d4 44. Qb4+ Rb5 45. Qd2
Qe3 46. Qd1 Qh3+ 47. Kg1 Qxg2# 0-1

[Event "chess.com SpeedChess Q1Sw"]
[Site "chess.com INT"]
[Date "2022.11.10"]
[Round "3"]
[White "Pichot, Alan"]
[Black "Liyanage, Ranindu Dilshan"]
[Result "1-0"]
[WhiteTitle "GM"]
[BlackTitle "FM"]
[WhiteElo "2637"]
[BlackElo "2331"]
[WhiteFideId "110973"]
[BlackFideId "9915834"]
[EventDate "2022.11.10"]

1. e4 e5 2. Nf3 Nc6 3. Bc4 Nf6 4. Ng5 d5 5. exd5 Na5 6. Bb5+ c6 7. dxc6 bxc6 8.
Bd3 Nd5 9. Nf3 Bd6 10. O-O O-O 11. Re1 Re8 12. Nc3 f5 13. Nxd5 cxd5 14. Bf1 Bb7
15. d4 e4 16. Ne5 Bxe5 17. dxe5 Nc6 18. c3 Nxe5 19. Be3 Qd7 20. Qd4 Qf7 21. Bf4
Ng6 22. Bd2 f4 23. c4 Rad8 24. Bc3 Ne5 25. Rad1 Qg6 26. Kh1 f3 27. g3 Rd7 28.
cxd5 Bxd5 29. Qa4 Bc6 30. Qb3+ Kh8 31. Rxd7 Nxd7 32. Bd4 Nf6 33. Qc3 Ng4 34. h3
e3 35. hxg4 Qh6+ 36. Kg1 e2 37. Bxg7+ Qxg7 38. Qxc6 Qe7 39. Bxe2 fxe2 40. Kg2
Rf8 41. Qc3+ Kg8 42. Qe3 Qxe3 43. fxe3 Rb8 44. Rxe2 Kf7 45. e4 Ke6 46. Kf3 Ke5
47. Rh2 Rb7 48. Rh5+ Kd4 49. Kf4 Rf7+ 50. Rf5 Rb7 51. Rd5+ Kc4 52. b3+ Kc3 53.
e5 Rf7+ 54. Ke4 Rf1 55. e6 Re1+ 56. Kf5 Rf1+ 57. Ke5 1-0

[Event "chess.com SpeedChess Q1Sw"]
[Site "chess.com INT"]
[Date "2022.11.10"]
[Round "3"]
[White "Yuan, Qingyu"]
[Black "Sokac, Marko"]
[Result "1-0"]
[BlackTitle "FM"]
[WhiteElo "2373"]
[BlackElo "2265"]
[WhiteFideId "8609772"]
[BlackFideId "14531356"]
[EventDate "2022.11.10"]

1. e4 d6 2. d4 Nf6 3. Nc3 c6 4. a4 Nbd7 5. Nf3 e5 6. Be2 Be7 7. O-O h6 8. dxe5
dxe5 9. Nd2 Qc7 10. Nc4 Nc5 11. f3 Ne6 12. Be3 O-O 13. Qe1 Nh5 14. Qf2 Nef4 15.
Bxa7 Bh3 16. Bb6 Qc8 17. g3 Nxe2+ 18. Qxe2 Bxf1 19. Rxf1 Qe6 20. b3 Nf6 21. Nd1
Nd7 22. Bf2 Rfd8 23. Nde3 b5 24. axb5 cxb5 25. Nb2 Ra2 26. Nd3 Nc5 27. Nc1 Rb2
28. Nd5 Rxd5 29. exd5 Qxd5 30. Rd1 Qc6 31. Qxe5 Qxf3 32. Rf1 Rxc2 33. Qxe7 Ne4
34. Qd8+ Kh7 35. Qd3 Qxd3 36. Nxd3 Rc3 37. Nc1 Nd2 38. Rd1 Nxb3 39. Nxb3 Rxb3
40. Bd4 Rb4 41. Rd2 Kg6 42. Kf2 Rc4 43. Be3 Kf5 44. Rd5+ Ke6 45. Rxb5 f5 46. h3
g5 47. Rb6+ Kd5 48. Rxh6 f4 49. gxf4 gxf4 50. Bd2 Ke4 51. Re6+ Kf5 52. Re8 Rc2
53. Rd8 Kg5 54. Kf3 Kh4 55. Bxf4 Rc3+ 56. Be3 1-0

[Event "chess.com SpeedChess Q1Sw"]
[Site "chess.com INT"]
[Date "2022.11.10"]
[Round "3"]
[White "Li, Ruifeng"]
[Black "Vantika, Agrawal"]
[Result "0-1"]
[WhiteTitle "GM"]
[BlackTitle "WGM"]
[WhiteElo "2541"]
[BlackElo "2362"]
[WhiteFideId "2061074"]
[BlackFideId "25050389"]
[EventDate "2022.11.10"]

1. b3 Nf6 2. Bb2 g6 3. g4 Bg7 4. g5 Nh5 5. Bxg7 Nxg7 6. d4 c5 7. Nf3 d5 8. Nc3
Nc6 9. Qd2 cxd4 10. Nxd4 e5 11. Nxc6 bxc6 12. O-O-O Be6 13. e4 d4 14. Na4 Qd6
15. Qa5 Bg4 16. Re1 Ne6 17. Rg1 Bh5 18. Bc4 Nf4 19. Qc5 Qxc5 20. Nxc5 Ke7 21.
Rg3 h6 22. h4 hxg5 23. hxg5 Raf8 24. Kd2 f6 25. b4 fxg5 26. Rxg5 Kd6 27. Rg3 Rf6
28. Rh1 Rb8 29. a3 a5 30. Na6 Ra8 31. Nc5 Rb8 32. Rb1 axb4 33. axb4 Rb6 34. Ra3
Ng2 35. Ra7 Rxf2+ 36. Kc1 Bg4 37. Rg7 Ne3 38. Rxg6+ Ke7 39. Bd3 Rh2 40. Na6 Rh1+
41. Kb2 Rxb1+ 42. Kxb1 Be6 43. Kb2 c5 44. b5 c4 45. Be2 Rxb5+ 46. Kc1 Ra5 47.
Nb4 c3 48. Kb1 Ra4 49. Nc6+ Kd6 50. Nd8 Rb4+ 51. Kc1 Rb2 52. Rxe6+ Kd7 53. Rxe5
Rxc2+ 54. Kb1 Rb2+ 55. Kc1 Kxd8 56. Bd3 Rd2 57. Bb5 Rd1# 0-1

[Event "chess.com SpeedChess Q1Sw"]
[Site "chess.com INT"]
[Date "2022.11.10"]
[Round "3"]
[White "Sattarov, Bobir"]
[Black "Dixit, Nikhil"]
[Result "1/2-1/2"]
[BlackTitle "FM"]
[WhiteElo "2433"]
[BlackElo "2306"]
[WhiteFideId "14203081"]
[BlackFideId "5059534"]
[EventDate "2022.11.10"]

1. e4 e6 2. Qe2 d5 3. exd5 Qxd5 4. Nc3 Qd8 5. g3 Nf6 6. Bg2 Be7 7. Nf3 O-O 8.
O-O Nbd7 9. d4 c6 10. Rd1 Qc7 11. Bf4 Bd6 12. Bg5 h6 13. Be3 Nd5 14. Bd2 Nxc3
15. Bxc3 Nf6 16. Bd2 Rd8 17. c4 b6 18. Rac1 Bb7 19. c5 Bf8 20. Bf4 Qc8 21. Ne5
Nd5 22. Qh5 Qc7 23. Bd2 bxc5 24. dxc5 a5 25. Re1 Nf6 26. Qe2 Ba6 27. Qe3 Bb5 28.
b3 a4 29. b4 Nd5 30. Qf3 a3 31. Bc3 Nxc3 32. Rxc3 Rd2 33. Rxa3 Rxa2 34. Rxa8
Rxa8 35. Nxc6 Ra4 36. Rb1 Ra2 37. Nd4 Bc4 38. Qc3 Bd5 39. Bxd5 exd5 40. Ra1
Rxa1+ 41. Qxa1 Qe5 42. Nb3 Qb8 43. Qc3 Qe8 44. Kf1 Qb5+ 45. Ke1 g6 46. Nd4 Qa4
47. Kf1 Bg7 48. Kg2 Qd1 49. c6 Bxd4 50. c7 Bxc3 51. c8=Q+ Kh7 52. Qxc3 d4 53.
Qc4 Kg7 54. b5 d3 55. Qd4+ Kg8 56. Qd8+ Kh7 57. Qd7 Kg7 58. Qd4+ Kg8 59. Qd5 d2
60. b6 Qb1 61. Qxd2 Qxb6 62. Qd5 Qf6 63. h4 h5 1/2-1/2

[Event "chess.com SpeedChess Q1Sw"]
[Site "chess.com INT"]
[Date "2022.11.10"]
[Round "3"]
[White "Tsydypov, Zhamsaran"]
[Black "Sadhwani, Raunak"]
[Result "0-1"]
[WhiteTitle "GM"]
[BlackTitle "GM"]
[WhiteElo "2534"]
[BlackElo "2628"]
[WhiteFideId "4108566"]
[BlackFideId "35093487"]
[EventDate "2022.11.10"]

1. d4 Nf6 2. c4 e6 3. Nf3 d5 4. g3 Bb4+ 5. Bd2 Be7 6. Bg2 O-O 7. O-O c6 8. Qc2
Nbd7 9. Nc3 dxc4 10. a4 Nd5 11. Ne4 b5 12. Neg5 g6 13. e4 Nb4 14. Qb1 Nd3 15. b3
e5 16. axb5 cxb5 17. Nh3 Bf6 18. d5 N7c5 19. bxc4 bxc4 20. Qc2 Nxe4 21. Qxc4 Nd6
22. Qxd3 e4 23. Qb3 exf3 24. Qxf3 Bxa1 25. Rxa1 Bf5 26. Bh6 Re8 27. Qc3 f6 28.
Nf4 Nf7 29. Ne6 Bxe6 30. dxe6 Nxh6 31. Bxa8 Qxa8 32. Qxf6 Qb7 33. Re1 Qe7 34.
Qa1 Nf5 35. h4 Ng7 36. Qa2 Nxe6 37. h5 gxh5 38. Re4 Qf7 39. Qd5 Ng7 40. Rxe8+
Nxe8 41. Qg5+ Qg6 42. Qd5+ Qf7 43. Qg5+ Ng7 44. Qd8+ Qe8 45. Qd5+ Qe6 46. Qa8+
Kf7 47. Qxa7+ Kg6 48. Qa4 Nf5 49. Qc2 Qe1+ 50. Kg2 Qe6 51. Kg1 Kg7 52. Qc3+ Qf6
53. Qc7+ Kg6 54. Qc2 Qd6 55. Qe4 Qd1+ 56. Kg2 Qd7 57. Kg1 Kf6 58. Qb4 h4 59.
Qb2+ Qd4 60. Qb8 hxg3 61. Qh8+ Ke6 62. Qe8+ Kd5 63. Qf7+ Ke4 64. Qe6+ Kf4 0-1

[Event "chess.com SpeedChess Q1Sw"]
[Site "chess.com INT"]
[Date "2022.11.10"]
[Round "3"]
[White "Guseinov, Gadir"]
[Black "Lazavik, Denis"]
[Result "1-0"]
[WhiteTitle "GM"]
[BlackTitle "IM"]
[WhiteElo "2661"]
[BlackElo "2529"]
[WhiteFideId "13401378"]
[BlackFideId "13515110"]
[EventDate "2022.11.10"]

1. e4 e5 2. Nf3 Nc6 3. Bb5 Nf6 4. O-O Nxe4 5. Re1 Nd6 6. Nxe5 Be7 7. Bf1 Nxe5 8.
Rxe5 O-O 9. d4 Bf6 10. Re1 Re8 11. c3 Rxe1 12. Qxe1 Ne8 13. Bf4 d5 14. Bd3 g6
15. Nd2 Ng7 16. Qe2 c6 17. Re1 Bf5 18. Nf3 Bxd3 19. Qxd3 Qd7 20. Be5 Bxe5 21.
Nxe5 Qf5 22. Qxf5 Nxf5 23. Nd7 Kg7 24. Nc5 b6 25. Na6 Kf8 26. f3 h5 27. Kf2 Rc8
28. Nb4 Ne7 29. Nd3 Rd8 30. a4 a5 31. g4 hxg4 32. fxg4 g5 33. Kg3 f6 34. h4
gxh4+ 35. Kxh4 Kf7 36. Kg3 Ng6 37. Rh1 Kg7 38. Re1 Kf7 39. b4 Ra8 40. Rb1 Ne7
41. Kf3 axb4 42. Rxb4 Nc8 43. c4 dxc4 44. Rxc4 Ne7 45. Nf4 Ra5 46. Rb4 Ra6 47.
Ke4 Nc8 48. Kf3 Nd6 49. Ne2 c5 50. dxc5 bxc5 51. Rf4 Ke6 52. Nc3 Ke5 53. Ke3 Rb6
54. Rf1 Rb3 55. Kd3 Rb4 56. Re1+ Kf4 57. Nd5+ Kxg4 58. Nxb4 cxb4 59. a5 Nb7 60.
Ra1 b3 61. Kc3 Nc5 62. a6 Nxa6 63. Rxa6 f5 64. Kxb3 f4 65. Kc2 f3 66. Kd2 Kg3
67. Rf6 1-0

[Event "chess.com SpeedChess Q1Sw"]
[Site "chess.com INT"]
[Date "2022.11.10"]
[Round "3"]
[White "Balaji, Aaravamudhan"]
[Black "Kostiukov, Alexandr"]
[Result "1/2-1/2"]
[WhiteTitle "CM"]
[WhiteElo "2353"]
[BlackElo "2271"]
[WhiteFideId "436224"]
[BlackFideId "14108100"]
[EventDate "2022.11.10"]

1. Nf3 g6 2. d4 Bg7 3. e3 d6 4. Be2 Nc6 5. O-O e5 6. dxe5 Nxe5 7. Nxe5 dxe5 8.
Qxd8+ Kxd8 9. Nc3 Be6 10. e4 f6 11. Be3 Ke7 12. Nb5 c6 13. Bc5+ Kd7 14. Nd6 b6
15. Ba3 Bf8 16. Rfd1 Kc7 17. Rd2 Ne7 18. Rad1 Nc8 19. Ne8+ Kb7 20. Nxf6 Bxa3 21.
bxa3 b5 22. a4 bxa4 23. Rb1+ Nb6 24. c4 Kc7 25. c5 Nc8 26. Ba6 Rb8 27. Rbd1 Rb4
28. a3 Rd4 29. Rxd4 exd4 30. Rxd4 Ne7 31. Rxa4 Rb8 32. Bd3 Rb3 33. Rxa7+ Kd8 34.
Ra8+ Nc8 35. Bf1 Rb1 36. Nxh7 Bc4 37. h4 Bxf1 38. Ng5 Kc7 39. Kh2 Bb5 40. a4 Be2
41. e5 Kb7 42. Ra5 Bc4 43. e6 Ne7 44. Kg3 Re1 45. f4 Bxe6 46. Nxe6 Rxe6 47. Kg4
Re2 48. g3 Nf5 49. Kg5 Nxg3 50. Kxg6 Rf2 51. h5 Nxh5 52. Kxh5 Rxf4 53. Kg5 Rf8
54. Kg6 Rf1 55. Kg7 Rf2 56. Kg6 Rf8 57. Kg5 Rf1 58. Kg4 Rd1 59. Kg3 Rd5 60. Kf2
Rd4 61. Ke3 Rd7 62. Ke4 Rd5 63. Ke3 Rh5 64. Kd4 Rh4+ 65. Ke5 Rc4 66. Kd6 Rd4+
67. Ke7 Rd5 68. Ke6 Rd1 69. Ke5 Rd2 70. Ke4 Rd1 71. Ke3 Rd5 72. Ke4 Rd1 73. Ke3
Rd5 74. Ke4 Rd1 1/2-1/2

[Event "chess.com SpeedChess Q1Sw"]
[Site "chess.com INT"]
[Date "2022.11.10"]
[Round "3"]
[White "Leiva, Gianmarco"]
[Black "Eljanov, Pavel"]
[Result "1/2-1/2"]
[WhiteTitle "IM"]
[BlackTitle "GM"]
[WhiteElo "2366"]
[BlackElo "2706"]
[WhiteFideId "3804399"]
[BlackFideId "14102951"]
[EventDate "2022.11.10"]

1. e4 e5 2. Nf3 Nc6 3. Bc4 Bc5 4. O-O Nf6 5. d3 d6 6. c3 O-O 7. h3 Bb6 8. Bb3
Ne7 9. Nbd2 c6 10. Re1 Ng6 11. Nf1 d5 12. exd5 Nxd5 13. Ng3 h6 14. d4 exd4 15.
Nxd4 Be6 16. Qc2 Nh4 17. Be3 Nxe3 18. Rxe3 Bxb3 19. Qxb3 Re8 20. Rae1 Rxe3 21.
Rxe3 Qd7 22. Qc4 Bxd4 23. Qxd4 Qxd4 24. cxd4 Kf8 25. Rb3 Rb8 26. Ra3 a6 27. Ra5
Rd8 28. Ne2 g6 29. f3 Nf5 30. Ra4 h5 31. Kf2 h4 32. Rc4 Rd7 33. a4 Ke7 34. a5
Kd8 35. b3 Kc7 36. Rb4 Rd5 37. Ra4 Rb5 38. Ra3 Rb4 39. Ke1 Nxd4 40. Nxd4 Rxd4
41. Ra2 Rb4 42. Re2 Kd6 43. Re3 Rb5 44. Re4 Rxb3 45. Rxh4 Ra3 46. Rb4 Kc7 47.
Re4 f5 48. Re7+ Kb8 49. Re8+ Ka7 50. Rg8 Rxa5 51. Rxg6 Rd5 52. h4 a5 53. Re6 a4
54. Re3 b5 55. g4 fxg4 56. fxg4 Kb6 57. h5 Rg5 58. Rg3 a3 59. Rxa3 Rxg4 60. Rh3
Rg7 61. h6 Rh7 62. Kd2 b4 63. Kc2 Kb5 64. Kb3 c5 65. Rh4 c4+ 66. Rxc4 Rxh6 67.
Rxb4+ Kc5 68. Rc4+ Kd5 69. Rb4 1/2-1/2

[Event "chess.com SpeedChess Q1Sw"]
[Site "chess.com INT"]
[Date "2022.11.10"]
[Round "3"]
[White "Martinez Alcantara, Jose Eduardo"]
[Black "Mitrabha, Guha"]
[Result "1-0"]
[WhiteTitle "GM"]
[BlackTitle "GM"]
[WhiteElo "2597"]
[BlackElo "2474"]
[WhiteFideId "3805662"]
[BlackFideId "5057000"]
[EventDate "2022.11.10"]

1. e4 e6 2. d4 d5 3. exd5 exd5 4. Nf3 Nc6 5. h3 Bd6 6. Bd3 Nge7 7. O-O O-O 8.
Nc3 Nb4 9. Bb5 Bf5 10. Ba4 c6 11. Re1 Ng6 12. Be3 a5 13. Bb3 h6 14. a3 Na6 15.
Ne2 Qc7 16. c4 dxc4 17. Bxc4 Qd7 18. d5 c5 19. Nc3 Nc7 20. Bf1 Ne7 21. Na4 Nexd5
22. Bxc5 Rad8 23. Rc1 Bg6 24. Nb6 Nxb6 25. Bxb6 Bf4 26. Qxd7 Rxd7 27. Rc4 Nd5
28. Bxa5 Bb8 29. Ne5 Bxe5 30. Rxe5 Ra8 31. Be1 Nf6 32. Rc1 Rad8 33. Rec5 Kh7 34.
f3 Rd1 35. Be2 Rxc1 36. Rxc1 Nd5 37. Bd2 Re8 38. Kf2 Re7 39. Rc5 Nf6 40. g4 Rd7
41. Be3 Bd3 42. Bxd3+ Rxd3 43. Ke2 Rb3 44. Bd4 Kg6 45. h4 Ng8 46. Rc7 f6 47. h5+
Kh7 48. Bc3 Rb6 49. Kd3 Rd6+ 50. Kc4 b6 51. Kb5 Re6 52. Rc6 Re3 53. Kxb6 Rxf3
54. Rc7 Re3 55. a4 Ne7 56. Kc5 f5 57. gxf5 Nxf5 58. a5 Rh3 59. a6 Rxh5 60. Kc6
Rh1 61. a7 Ra1 62. Rd7 h5 63. Kb6 Kg6 64. Ba5 Rb1 65. a8=Q Rxb2+ 66. Ka7 Re2 67.
Qc6+ Kg5 68. Bd8+ Kf4 69. Qc4+ Kf3 70. Rd3+ Ne3 71. Qd5+ Kf2 72. Bh4+ Kf1 73.
Qh1# 1-0

[Event "chess.com SpeedChess Q1Sw"]
[Site "chess.com INT"]
[Date "2022.11.10"]
[Round "3"]
[White "Jaferian, Koosha"]
[Black "Ahn, Hongjin"]
[Result "1/2-1/2"]
[WhiteTitle "CM"]
[BlackTitle "IM"]
[WhiteElo "2227"]
[BlackElo "2282"]
[WhiteFideId "12507440"]
[BlackFideId "13201492"]
[EventDate "2022.11.10"]

1. e4 c5 2. Nc3 a6 3. g3 b5 4. Bg2 Bb7 5. d3 e6 6. Nh3 Nf6 7. O-O d5 8. exd5
Nxd5 9. Nf4 Nxc3 10. bxc3 Bxg2 11. Kxg2 Nc6 12. Qf3 Rc8 13. a4 b4 14. Bd2 Be7
15. Rfe1 O-O 16. Qe4 Bf6 17. Nh5 bxc3 18. Nxf6+ Qxf6 19. Bf4 Nd4 20. Be5 Qd8 21.
Bxd4 cxd4 22. Rab1 Qd7 23. Rb4 Rfd8 24. Reb1 h6 25. Qf4 Qd5+ 26. Kg1 e5 27. Qf5
e4 28. Qxd5 Rxd5 29. dxe4 Rdd8 30. Kg2 d3 31. cxd3 c2 32. Rc1 Rxd3 33. Rb2 Rdc3
34. Kf1 R8c4 35. a5 Kh7 36. Kg2 h5 37. f3 g6 38. Kf2 h4 39. Ke2 hxg3 40. hxg3
Ra4 41. Rcxc2 Rca3 42. Rc7 Kg7 43. Rbb7 Ra2+ 44. Ke3 R4a3+ 45. Kf4 Rxa5 46.
Rxf7+ Kg8 47. Rg7+ Kf8 48. Rh7 Kg8 49. Rbg7+ Kf8 50. Rxg6 R5a3 51. Rf6+ Kg8 52.
Ra7 Rf2 53. Kg4 a5 54. Rb6 Raxf3 55. Rb8+ Rf8 56. Rxf8+ Rxf8 57. Rxa5 Kg7 58.
Rg5+ Kh6 59. Rf5 Re8 60. Kf4 Kg6 61. g4 Ra8 62. Rb5 Kf6 63. Rb6+ Kf7 64. g5 Ra1
65. Ke5 Kg7 66. Rf6 Ra5+ 67. Kf4 Ra1 68. Rb6 Ra5 69. e5 Ra1 70. Rb3 Rf1+ 71. Rf3
Re1 72. Kf5 Kf7 73. g6+ Kg7 74. Ke6 Kxg6 75. Kd6 Rd1+ 76. Ke7 Re1 77. e6 Kg7 78.
Kd7 Rd1+ 79. Ke8 Ra1 80. Rf7+ Kg8 81. Rf8+ Kg7 82. e7 Ra8+ 83. Kd7 Rxf8 84.
exf8=Q+ Kxf8 1/2-1/2

[Event "chess.com SpeedChess Q1Sw"]
[Site "chess.com INT"]
[Date "2022.11.10"]
[Round "4"]
[White "Ibarra Jerez, Jose Carlos"]
[Black "Manukyan, Sargis A."]
[Result "1-0"]
[WhiteTitle "GM"]
[BlackTitle "FM"]
[WhiteElo "2557"]
[BlackElo "2163"]
[WhiteFideId "2226332"]
[BlackFideId "13303970"]
[EventDate "2022.11.10"]

1. e4 c5 2. Nc3 d6 3. d4 cxd4 4. Qxd4 Nc6 5. Qd2 g6 6. b3 Bh6 7. f4 e6 8. Nb5 e5
9. Qxd6 Qxd6 10. Nxd6+ Kf8 11. Ba3 Kg7 12. Ne8# 1-0

[Event "chess.com SpeedChess Q1Sw"]
[Site "chess.com INT"]
[Date "2022.11.10"]
[Round "4"]
[White "Pap, Gyula"]
[Black "Odegov, Artem"]
[Result "1-0"]
[WhiteTitle "GM"]
[BlackTitle "FM"]
[WhiteElo "2425"]
[BlackElo "2286"]
[WhiteFideId "725323"]
[BlackFideId "34183644"]
[EventDate "2022.11.10"]

1. d4 d5 2. c4 e6 3. Nc3 c5 4. e3 Nc6 5. Nf3 Nf6 6. a3 cxd4 7. exd4 Be7 8. cxd5
Nxd5 9. Bd3 O-O 10. O-O Nxc3 11. bxc3 b6 12. h4 Bb7 13. Ng5 h6 14. Qh5 Nxd4 15.
cxd4 Qxd4 16. Bh7+ Kh8 17. Be3 Qe5 18. Nxf7+ 1-0

[Event "chess.com SpeedChess Q1Sw"]
[Site "chess.com INT"]
[Date "2022.11.10"]
[Round "4"]
[White "Lee, Addison"]
[Black "Omariev, Maksim"]
[Result "0-1"]
[BlackTitle "FM"]
[WhiteElo "2079"]
[BlackElo "2304"]
[WhiteFideId "30924570"]
[BlackFideId "4193423"]
[EventDate "2022.11.10"]

1. e4 c5 2. Nf3 d6 3. d4 cxd4 4. Nxd4 Nf6 5. Nc3 a6 6. Bc4 e6 7. O-O b5 8. Bb3
Be7 9. Qe2 O-O 10. a3 Bb7 11. Kh1 Nbd7 12. f4 Nc5 13. f5 e5 14. Nf3 Nfxe4 15.
Nxe4 Bxe4 0-1

[Event "chess.com SpeedChess Q1Sw"]
[Site "chess.com INT"]
[Date "2022.11.10"]
[Round "4"]
[White "Danielyan, Vahe"]
[Black "Arencibia Monduy, Antonio"]
[Result "1-0"]
[WhiteTitle "IM"]
[BlackTitle "CM"]
[WhiteElo "2307"]
[BlackElo "2100"]
[WhiteFideId "13304828"]
[BlackFideId "3507939"]
[EventDate "2022.11.10"]

1. c4 c5 2. Nf3 Nc6 3. e3 g6 4. d4 cxd4 5. exd4 Bg7 6. d5 Ne5 7. Nc3 Nxf3+ 8.
Qxf3 d6 9. Bd2 Nf6 10. h3 h5 11. Bd3 Bd7 12. O-O O-O 13. Rfe1 Rc8 14. Bg5 Re8
15. Re2 Nh7 16. Bd2 b6 17. Rae1 e5 18. dxe6 Bxe6 19. Bxg6 fxg6 20. Rxe6 Rxe6 21.
Rxe6 Ng5 22. Bxg5 Qxg5 23. Ne4 Qc1+ 24. Kh2 Be5+ 25. g3 Rf8 26. Rxg6+ Bg7 27.
Nf6+ Rxf6 28. Qxf6 1-0

[Event "chess.com SpeedChess Q1Sw"]
[Site "chess.com INT"]
[Date "2022.11.10"]
[Round "4"]
[White "Jodorcovsky Werjivker, Paulo"]
[Black "Borgaonkar, Akshay"]
[Result "0-1"]
[WhiteTitle "CM"]
[BlackTitle "CM"]
[WhiteElo "2220"]
[BlackElo "2135"]
[WhiteFideId "3700305"]
[BlackFideId "25639110"]
[EventDate "2022.11.10"]

1. e4 c5 2. Nc3 g6 3. f4 Bg7 4. Nf3 d6 5. Bb5+ Nc6 6. Bxc6+ bxc6 7. O-O Nf6 8.
d3 O-O 9. Qe1 Bg4 10. Qh4 Bxf3 11. Rxf3 e6 12. f5 Nd7 13. Bg5 Bf6 14. Rh3 h5 15.
fxg6 fxg6 16. Rg3 Bxg5 17. Rxg5 Kh7 18. Ne2 Ne5 19. Nf4 Qf6 20. g3 Nf3+ 0-1

[Event "chess.com SpeedChess Q1Sw"]
[Site "chess.com INT"]
[Date "2022.11.10"]
[Round "4"]
[White "Kostiukov, Alexandr"]
[Black "Stribuk, Artiom"]
[Result "0-1"]
[BlackTitle "FM"]
[WhiteElo "2271"]
[BlackElo "2312"]
[WhiteFideId "14108100"]
[BlackFideId "13515659"]
[EventDate "2022.11.10"]

1. g3 Nf6 2. Bg2 g6 3. c4 Bg7 4. Nf3 O-O 5. O-O c6 6. d4 d5 7. cxd5 cxd5 8. Ne5
e6 9. Nc3 Nfd7 10. Bf4 Nc6 11. Nxc6 bxc6 12. e3 c5 13. Bd6 cxd4 14. Bxf8 Qxf8
15. exd4 Ba6 16. Re1 Qb4 17. Nxd5 exd5 18. Bxd5 Rf8 19. a3 Qxb2 20. Re7 Nb6 21.
Rb1 Qxa3 22. Bb3 Qxe7 0-1

[Event "chess.com SpeedChess Q1Sw"]
[Site "chess.com INT"]
[Date "2022.11.10"]
[Round "4"]
[White "Bordi, Kevin"]
[Black "Swiercz, Dariusz"]
[Result "1/2-1/2"]
[BlackTitle "GM"]
[WhiteElo "2288"]
[BlackElo "2646"]
[WhiteFideId "621862"]
[BlackFideId "1126881"]
[EventDate "2022.11.10"]

1. e4 c5 2. Nf3 Nc6 3. Bc4 e6 4. O-O a6 5. Re1 b5 6. Bf1 Nge7 7. c3 d5 8. exd5
Nxd5 9. d4 Bb7 10. a4 cxd4 11. axb5 axb5 12. Rxa8 Qxa8 13. Bxb5 Be7 14. Nxd4 O-O
15. Nxc6 Bxc6 16. Bxc6 Qxc6 17. Nd2 Rc8 18. Nf3 Qb7 19. Qe2 Bf6 20. h3 h6 21.
Qe4 Qb3 22. Nd4 1/2-1/2

[Event "chess.com SpeedChess Q1Sw"]
[Site "chess.com INT"]
[Date "2022.11.10"]
[Round "4"]
[White "Jeet, Jain"]
[Black "Naroditsky, Daniel"]
[Result "0-1"]
[WhiteTitle "FM"]
[BlackTitle "GM"]
[WhiteElo "2139"]
[BlackElo "2617"]
[WhiteFideId "5073022"]
[BlackFideId "2026961"]
[EventDate "2022.11.10"]

1. e4 c6 2. d4 d5 3. e5 c5 4. dxc5 e6 5. Be3 Nd7 6. Nf3 Bxc5 7. Bxc5 Nxc5 8.
Nbd2 Ne7 9. Be2 Qc7 10. Nb3 Ne4 11. Bb5+ Nc6 12. O-O O-O 13. Bxc6 bxc6 14. Nbd2
Nxd2 15. Qxd2 c5 16. c3 Bb7 17. Rfe1 Rad8 18. Rad1 d4 19. cxd4 Bxf3 20. gxf3
Rxd4 21. Qg5 h6 22. Qg3 Rfd8 23. Rc1 Rd2 24. b4 c4 25. Rc3 Qc6 26. Qf4 R8d4 27.
Re4 Qd5 28. Rxc4 Rd1+ 29. Kg2 Qxc4 0-1